000 00477nam a22001817a 4500
008 231017b |||||||| |||| 00| 0 eng d
020 _a9780521735056
050 _aKD 680 .R64 2013
_bC.2
100 _aROGERSON, PIPPA
245 _aCOLLIER'S CONFLICT OF LAWS
250 _a4RTH ED.
260 _aNEW YORK
_bCAMBRIDGE UNIVERSITY PRESS
_c2013
300 _aLIX., 454P.
500 _aINCLUDES INDEX
650 _aConflict of laws
700 _aTITLE
942 _2lcc
_cBK
999 _c207758
_d207758